Europe´s Income, Wealth, Consumption and Inequality (Record no. 9055)

MARC details
000 -LEADER
fixed length control field 00463nam a2200193uu 4500
001 - CONTROL NUMBER
control field WIIW0000188
003 - CONTROL NUMBER IDENTIFIER
control field OSt
005 - DATE AND TIME OF LATEST TRANSACTION
control field 20240927145803.0
007 - PHYSICAL DESCRIPTION FIXED FIELD--GENERAL INFORMATION
fixed length control field tu
008 - FIXED-LENGTH DATA ELEMENTS--GENERAL INFORMATION
fixed length control field 240927t2020 xxk||||| ||||||0| | eng d
020 ## - INTERNATIONAL STANDARD BOOK NUMBER
International Standard Book Number 9780197545706
040 ## - CATALOGING SOURCE
Transcribing agency OSt
041 ## - LANGUAGE CODE
Language code of text/sound track or separate title eng
100 ## - MAIN ENTRY--PERSONAL NAME
Dates associated with a name G. Fischer, R. Strauss, Ed.
245 00 - TITLE STATEMENT
Title Europe´s Income, Wealth, Consumption and Inequality
260 ## - PUBLICATION, DISTRIBUTION, ETC.
Place of publication, distribution, etc. Oxford
Name of publisher, distributor, etc. OUP
Date of publication, distribution, etc. 2021
300 ## - PHYSICAL DESCRIPTION
Extent 601 S. ;
Dimensions 25,5 cm.
942 ## - ADDED ENTRY ELEMENTS (KOHA)
Koha item type Book
Source of classification or shelving scheme Other/Generic Classification Scheme
Holdings
Withdrawn status Lost status Source of classification or shelving scheme Damaged status Not for loan Home library Current library Date acquired Total Checkouts Full call number Date last seen Price effective from Koha item type
    Other/Generic Classification Scheme     WIIW WIIW 09/27/2024   7966 09/27/2024 09/27/2024 Book
The Vienna Instiute for International Economic Studies (wiiw)